| 000 | 00387nam a2200157Ia 4500 | ||
|---|---|---|---|
| 999 |
_c90 _d90 |
||
| 003 | OSt | ||
| 005 | 20190927110752.0 | ||
| 008 | 190722s9999 xx 000 0 und d | ||
| 020 | _a817409265X | ||
| 040 | _cmaju | ||
| 100 | _aDr.Rajendra Prasad | ||
| 245 | 0 | _aElectronic Measurements and Instrumentation | |
| 260 |
_aNew Delhi _bKhanna Publishers _c2012 |
||
| 300 | _a870 | ||
| 942 |
_cBK _2ddc |
||